| 000 | 01013nam2a22002891 4500 | ||
|---|---|---|---|
| 001 | RU\NLR\INFOCOMM15\1000046030 | ||
| 005 | 20250806202437.0 | ||
| 035 | _a(NLR Aleph) 002636200 | ||
| 090 |
_a42600 _c42600 |
||
| 100 | _a20040112d1945 u y0rusy50 ca | ||
| 101 | 0 | _arus | |
| 102 | _aRU | ||
| 105 | _ay ||||||||| | ||
| 200 | 1 |
_aОчерк из истории русской фортификации _fШперк В.Ф. _gТеляковский А.З. |
|
| 210 | _d1945 | ||
| 461 | 0 |
_1001RU\NLR\INFOCOMM15\1000045994 _12001#$aТруды Академии$fВоен.-инженерная Краснознам. акад. им. В.В.Куйбышева$v39 |
|
| 700 | 1 |
_aШперк _bВ.Ф. _4070 |
|
| 701 | 1 |
_aТеляковский _bА.З. _4070 |
|
| 801 | 1 |
_aRU _bInfoComm _c20040112 |
|
| 801 | 0 |
_aRU _bNLR _gPSBO |
|
| 852 |
_aNLR _bВ60 _jВ-4/7 |
||
| 942 | _cISSUE | ||
| 945 | _aРоссийская национальная библиотека | ||
| 980 | _aNB | ||
| 980 | _aBV | ||
| 980 | _aRUSPER | ||